| 000 | 00465nam a2200169 a 4500 | ||
|---|---|---|---|
| 005 | 20140412111427.0 | ||
| 008 | 090226s19uu xx 00 eng d | ||
| 020 | _a0-439-74405-9 | ||
| 050 |
_aTR(PS E _bBa31 1998 |
||
| 100 | _aCapucilli, Alyssa Satin | ||
| 245 |
_aBathtime for biscuit / _cAlyssa Satin Capucilli. |
||
| 260 |
_aNew York : _bScholastic, _c2005. |
||
| 300 | _a28p. | ||
| 440 | _aMy First I Can Read Book | ||
| 650 | _aBathtime | ||
| 999 |
_c106263 _d106263 |
||